000 00677nam a22002297a 4500
999 _c415
_d415
001 415
003 BD-JhCC
005 20210329134018.0
008 171004s19852010bg |||| |||| 000 0 ben d
020 _a9847015601805
035 _a(BD-JhCC)415
040 _aBD-JhCC
_dBD-JhCC
041 _aben
082 _a891.443
_bZAH 2010
100 _aজহির, শহীদুল
245 _aপারাপার /
_cশহীদুল জহির
260 _aঢাকা:
_bমাওলা ব্রাদার্স,
_c২০১০.
300 _a৬২ পৃ.:
_c২২ সেমি
650 _aBangali Novel
942 _2ddc
_cBK
_02